Drawings of William Blake
محفوظ في:
| المؤلف الرئيسي: | |
|---|---|
| التنسيق: | كتاب |
| اللغة: | الإنجليزية |
| منشور في: |
Nueva York
Dover
1970
|
| سلاسل: | Dover Art Collections
|
| الموضوعات: | |
| الوسوم: |
إضافة وسم
لا توجد وسوم, كن أول من يضع وسما على هذه التسجيلة!
|
MARC
| LEADER | 00000nam a2200000 a 4500 | ||
|---|---|---|---|
| 001 | UCT3698 | ||
| 003 | CL-VaPUC | ||
| 008 | 961024e19700000US |||||||||||||||||eng|d | ||
| 082 | 0 | 4 | |a 741.092 |b KEY |2 21 |
| 100 | 0 | |a Keynes, Geoffrey |e author |9 372673 | |
| 245 | 1 | 0 | |a Drawings of William Blake |
| 300 | |a 92 p | ||
| 942 | |c BK | ||
| 945 | |d 19961024 00:00:00 |a nastorga | ||
| 260 | |a Nueva York |b Dover |c 1970 | ||
| 600 | 0 | 7 | |a BLAKE, WILLIAM |2 CL-VaPUC |9 265754 |
| 650 | 0 | |a Dibujos |9 264123 | |
| 650 | 0 | |a Artistas |9 262026 | |
| 650 | 0 | |a Ilustraciones |9 369481 | |
| 583 | |a last modification |c 19961024 00:00:00 |k Rodrigo Vera | ||
| 490 | 0 | |a Dover Art Collections | |
| 999 | |c 253255 |d 253253 | ||
| 952 | |0 0 |1 0 |4 0 |6 741_092000000000000_KEY_1970 |7 0 |8 P |9 273926 |a BIBARQ |b BIBARQ |d 2019-11-19 |i 3244067 |o 741.092 KEY 1970 |p 3244067 |r 2025-01-20 |w 2019-11-19 |y BK |k ARQ | ||